[Event "COL-chC"]
[Site "Bogota"]
[Date "2019.09.01"]
[Round "7"]
[White "Rodriguez Munoz, Cesar Esteban"]
[Black "Clavijo Romero, Leonardo"]
[Result "1-0"]
[WhiteElo "1902"]
[BlackElo "1851"]
[PlyCount "97"]
[EventDate "2019.08.28"]
[EventType "swiss"]
[EventRounds "7"]
[EventCountry "COL"]
[SourceTitle "EXT 2020"]
[Source "ChessBase"]
[SourceDate "2019.10.17"]
[SourceVersion "1"]
[SourceVersionDate "2019.10.17"]
[SourceQuality "1"]

1. e4 e6 2. d4 d5 3. Nc3 Bb4 4. Qg4 Nf6 5. Qxg7 Rg8 6. Qh6 c5 7. Be3 Rg6 8. Qh4 Qa5 9. Nge2 Nxe4 10. 0-0-0 Nxc3 11. Nxc3 Bxc3 12. bxc3 c4 13. Kd2 Nd7 14. Qxh7 Nf6 15. Qh8+ Ke7 16. f3 b5 17. Rb1 Bb7 18. Qh4 Bc6 19. Be2 Rag8 20. g4 Kd7 21. Qe1 Qa3 22. h4 Rxg4 23. Bg5 R4xg5 24. hxg5 Rxg5 25. Qc1 Qd6 26. Kd1 Rg2 27. Qh6 Rg6 28. Qe3 a5 29. Rh6 Qg3 30. Rxg6 Qxg6 31. Kd2 b4 32. cxb4 Ba4 33. Bd1 Qg2+ 34. Kc1 axb4 35. Rxb4 Bc6 36. a4 Ne8 37. Qd2 Qg1 38. c3 Nd6 39. Kb2 Nb7 40. Bc2 Qf1 41. f4 Nd6 42. Ka2 Qf3 43. Rb1 Bxa4 44. Bxa4+ Ke7 45. Bc2 f5 46. Re1 Nb5 47. Qe3 Nxc3+ 48. Kb2 Qxe3 49. Rxe3 1-0

[Event "COL-chC"]
[Site "Bogota"]
[Date "2019.08.31"]
[Round "6"]
[White "Clavijo Romero, Leonardo"]
[Black "Parra Meza, Brayan"]
[Result "1-0"]
[WhiteElo "1851"]
[BlackElo "1873"]
[PlyCount "57"]
[EventDate "2019.08.28"]
[EventType "swiss"]
[EventRounds "7"]
[EventCountry "COL"]
[SourceTitle "EXT 2020"]
[Source "ChessBase"]
[SourceDate "2019.10.17"]
[SourceVersion "1"]
[SourceVersionDate "2019.10.17"]
[SourceQuality "1"]

1. d4 Nf6 2. Bf4 d5 3. e3 c5 4. c3 e6 5. Nf3 Nc6 6. Nbd2 Bd6 7. Bg3 0-0 8. Bd3 b6 9. Ne5 Bb7 10. f4 Ne7 11. Qf3 c4 12. Bxc4 Ne4 13. Bd3 Nxd2 14. Kxd2 Nf5 15. Qg4 f6 16. Nf3 Bc8 17. h4 Nh6 18. Qh5 e5 19. Nh2 exf4 20. Qxd5+ Kh8 21. Bxf4 Bxf4 22. Qxa8 Bxh2 23. Rxh2 Ng4 24. Rhh1 Nf2 25. Qf3 Nxh1 26. Rxh1 Be6 27. Bxh7 Kxh7 28. Qe4+ Kh8 29. Qxe6 1-0